000 02313nam a22003137a 4500
005 20100727105330.0
010 _aENG-96837 B-452439-445
020 _a9788125034506
_c695.00
020 _a8125034501
_c695.00
035 _aEN-80370 B-452439-445
037 _bDBAD/PUB
082 _a398.20954
100 _aNaithani, Sadhana
_942162
245 _aIn quest of Indian folktales :
_bpandit ram gharib chaube and william crooke /
_cby Sadhana Naithani
260 _aHyderabad
_bOrient blackswan publisher
_c2009
270 _a3-6-752, Himayatnagar
_e500029
_bHyderabad
300 _axi, 328 p
_c23 cm. (Hb)
500 _ainculdes bibliographical references and index
942 _2ddc
_cEN
_h398.20954
_mNAI
999 _c37850
_d37850